Report of the Ordnance Survey Review Committee (Record no. 86562)

MARC details
000 -LEADER
fixed length control field 00510cam a2200193 4500
001 - CONTROL NUMBER
control field D7665
008 - FIXED-LENGTH DATA ELEMENTS--GENERAL INFORMATION
fixed length control field 090401t1979 xxu||||| |||| 00| 0 eng d
035 ## - SYSTEM CONTROL NUMBER
System control number (Sirsi) u8773
041 ## - LANGUAGE CODE
Language code of text/sound track or separate title eng
050 ## - LIBRARY OF CONGRESS CALL NUMBER
Classification number 526.98
110 ## - MAIN ENTRY--CORPORATE NAME
Corporate name or jurisdiction name as entry element Ordnance Survey Review Committee
9 (RLIN) 1795
245 ## - TITLE STATEMENT
Title Report of the Ordnance Survey Review Committee
260 ## - PUBLICATION, DISTRIBUTION, ETC.
Place of publication, distribution, etc. London
Name of publisher, distributor, etc. HMSO
Date of publication, distribution, etc. 1979
300 ## - PHYSICAL DESCRIPTION
Extent xiii. 185p. 30cm. map in back pocket
350 ## - PRICE (NR) (BK AM CF MU VM SE) [OBSOLETE]
Price 20
700 ## - ADDED ENTRY--PERSONAL NAME
Personal name Serpell, David
International Standard Serial Number Chairman
942 ## - ADDED ENTRY ELEMENTS (KOHA)
Suppress in OPAC 0
948 ## - LOCAL PROCESSING INFORMATION (OCLC); SERIES PART DESIGNATOR (RLIN)
c (OCLC) 04/03/1997
Holdings
Withdrawn status Lost status Source of classification or shelving scheme Damaged status Not for loan Home library Current library Shelving location Date acquired Cost, normal purchase price Total Checkouts Full call number Barcode Date last seen Copy number Cost, replacement price Price effective from Koha item type
    Dewey Decimal Classification     London London Folio 14/09/1999 20.00   F526.98 30004095 06/08/2019 1 20.00 06/08/2019 Reference material